Central Library OPAC University of Rajshahi

A text book on light / (Record no. 71781)

MARC details
000 -LEADER
fixed length control field 00662nam a2200217 a 4500
001 - CONTROL NUMBER
control field 71781
003 - CONTROL NUMBER IDENTIFIER
rucl marc code BD-RjUL
005 - DATE AND TIME OF LATEST TRANSACTION
control field 20211209082148.0
008 - FIXED-LENGTH DATA ELEMENTS--GENERAL INFORMATION
fixed length control field 170508s1939 enkaf 001 0 eng
035 ## - SYSTEM CONTROL NUMBER
System control number (BD-RjUL)71997
040 ## - CATALOGING SOURCE
Original cataloging agency DLC
Transcribing agency DLC
Language of cataloging eng
Modifying agency BD-RjUL
041 ## - LANGUAGE CODE
Language code of text/sound track or separate title eng
082 ## - DEWEY DECIMAL CLASSIFICATION NUMBER
Edition number 23
Classification number 535
Author mark and year BAT 1939
100 1# - MAIN ENTRY--PERSONAL NAME
Personal name Barton, A. W.
Fuller form of name (Arthur Willoughby)
9 (RLIN) 212357
245 12 - TITLE STATEMENT
Title A text book on light /
Statement of responsibility, etc. by A. W. Barton ... With halftone plates and diagrams in the text.
260 ## - PUBLICATION, DISTRIBUTION, ETC. (IMPRINT)
Place of publication, distribution, etc. London,
-- New York :
Name of publisher, distributor, etc. Longmans, Green and Co.
Date of publication, distribution, etc. 1939
300 ## - PHYSICAL DESCRIPTION
Pagination x, 426 p. :
Illustrations ill. ;
Size 23 cm.
500 ## - GENERAL NOTE
General note Includes index
650 #0 - SUBJECT ADDED ENTRY--TOPICAL TERM
Topical term or geographic name as entry element Light.
9 (RLIN) 212358
942 ## - ADDED ENTRY ELEMENTS (KOHA)
Source of classification or shelving scheme Dewey Decimal Classification
Koha item type Books
Holdings
Lost status Source of classification or shelving scheme Damaged status Not for loan Collection code Permanent Location Current Location Shelving location Date acquired Source of acquisition Cost, normal purchase price Total Checkouts Full call number Date last seen Copy number Koha item type
  Dewey Decimal Classification   Not For Loan Non-fiction Central Library, University of Rajshahi Central Library, University of Rajshahi Reading Room 01/02/1953 Zeithinger 7.00   535 BAT 1939 08/05/2017 C-1 Books